[Event "GER-chT U10"]
[Site "Magdeburg"]
[Date "2012.12.28"]
[Round "5.3"]
[White "Ortmann, Sebastian"]
[Black "Klein Uebbing, Niklas"]
[Result "0-1"]
[WhiteElo "775"]
[BlackElo "805"]
[PlyCount "68"]
[EventDate "2012.12.27"]
[EventType "team-swiss"]
[EventRounds "7"]
[EventCountry "GER"]
[SourceTitle "EXT 2014"]
[Source "ChessBase"]
[SourceDate "2013.11.20"]
[SourceVersion "1"]
[SourceVersionDate "2013.11.20"]
[SourceQuality "1"]
[WhiteTeam "Harksheide"]
[BlackTeam "Lendersdorf"]
[WhiteTeamCountry "GER"]
[BlackTeamCountry "GER"]

1. e4 e5 2. Nf3 Nc6 3. Nc3 Bc5 4. Bc4 d6 5. d3 Nf6 6. Nd5 Nxd5 7. exd5 Nd4 8. Nxd4 Bxd4 9. Be3 Bb6 10. Bxb6 axb6 11. Bb5+ Bd7 12. Bxd7+ Qxd7 13. 0-0 0-0 14. Qh5 c6 15. dxc6 bxc6 16. a3 Rfe8 17. Rae1 Re7 18. Re4 Rae8 19. Rh4 h6 20. Qg4 Qxg4 21. Rxg4 d5 22. b4 Ra8 23. Ra1 Rea7 24. h3 Rxa3 25. Rxa3 Rxa3 26. Kf1 Rc3 27. Ke2 Rxc2+ 28. Kd1 Rxf2 29. Ke1 Rb2 30. g3 g5 31. h4 f5 32. hxg5 fxg4 33. gxh6 Kh7 34. Kd1 Kxh6 0-1

[Event "GER-chT U10"]
[Site "Magdeburg"]
[Date "2012.12.27"]
[Round "2.3"]
[White "Klein Uebbing, Niklas"]
[Black "Garbuz, Vitaliy"]
[Result "1-0"]
[WhiteElo "805"]
[BlackElo "1110"]
[PlyCount "103"]
[EventDate "2012.12.27"]
[EventType "team-swiss"]
[EventRounds "7"]
[EventCountry "GER"]
[SourceTitle "EXT 2014"]
[Source "ChessBase"]
[SourceDate "2013.11.20"]
[SourceVersion "1"]
[SourceVersionDate "2013.11.20"]
[SourceQuality "1"]
[WhiteTeam "Lendersdorf"]
[BlackTeam "Brackel"]
[WhiteTeamCountry "GER"]
[BlackTeamCountry "GER"]

1. e4 c5 2. c3 d5 3. exd5 Qxd5 4. d4 cxd4 5. cxd4 Nc6 6. Nf3 Bg4 7. Be2 Rc8 8. Nc3 Qa5 9. 0-0 e6 10. Bf4 Nf6 11. Qb3 b6 12. Rac1 Bxf3 13. Bxf3 Nxd4 14. Qa4+ Qxa4 15. Nxa4 Rxc1 16. Rxc1 Nxf3+ 17. gxf3 Be7 18. Rc8+ Bd8 19. Bc7 0-0 20. Rxd8 Rxd8 21. Bxd8 Nd5 22. Kg2 Kf8 23. Kg3 Ke8 24. Bg5 f6 25. Bd2 g5 26. Kg4 Nf4 27. Bxf4 gxf4 28. Kxf4 Kd7 29. Ke4 Kd6 30. Kd4 f5 31. f4 Ke7 32. Ke5 Kf7 33. f3 h5 34. h4 Ke7 35. Nc3 a5 36. a4 Kd7 37. b3 Ke7 38. Nd1 Kd7 39. Ne3 Kc6 40. Kxe6 Kc5 41. Nc2 b5 42. axb5 Kxb5 43. Kxf5 Kc6 44. Ke6 Kc7 45. Ke7 Kc6 46. Ke6 Kc7 47. f5 Kd8 48. Kf7 Kd7 49. Kg7 Ke7 50. f6+ Ke8 51. f7+ Ke7 52. f8Q+ 1-0